书目信息 |
| 题名: |
英汉电子技术缩略语新词典
|
|
| 作者: | 李瑞成 编 | |
| 分册: | ||
| 出版信息: | 北京 电子工业出版社 1989.11 |
|
| 页数: | 483页 | |
| 开本: | 24cm | |
| 丛书名: | ||
| 单 册: | ||
| 中图分类: | TN-61 | |
| 科图分类: | ||
| 主题词: | 无线电电子学 , 通信技术 | |
| 电子资源: | ||
| ISBN: | 7-5035-0598-0 | |
| 000 | 00622nam0 2200193 450 | |
| 001 | 202410309121787790 | |
| 005 | 20241112142326.12 | |
| 010 | @a7-5035-0598-0@d¥10.00 | |
| 100 | @a20241030d km y0chiy0120 ea | |
| 101 | 0 | @achi |
| 200 | 1 | @a英汉电子技术缩略语新词典@AYing Han Dian Zi Ji Shu Suo Lue Yu Xin Ci Dian@f李瑞成等编@FLi Rui Cheng Deng Bian |
| 210 | @a北京@c电子工业出版社@d1989.11 | |
| 215 | @a483页@d24cm | |
| 606 | 0 | @a无线电电子学 |
| 606 | 0 | @a通信技术 |
| 690 | @aTN-61@v4 | |
| 701 | 0 | @a李瑞成@ALi Rui Cheng@4编 |
| 801 | 0 | @aCN@b大连网信软件有限公司图书馆·11@c20241112 |
| 905 | @aZUCC@b1428376@dTN-61@e1@f1 | |
| 英汉电子技术缩略语新词典/李瑞成等编.-北京:电子工业出版社,1989.11 |
| 483页;24cm |
| ISBN 7-5035-0598-0:¥10.00 |
| ● |
| 相关链接 |
|
|
|
|
正题名:英汉电子技术缩略语新词典
索取号:TN-61/1
 
预约/预借
| 序号 | 登录号 | 条形码 | 馆藏地/架位号 | 状态 | 备注 |
| 1 | 1428376 | 214283764 | 密集书库—外国语学院/ [索取号:TN-61/1] | 在馆 |